| 000 | 01691nam0a2200325 i 4500 | ||
|---|---|---|---|
| 001 | RU\NLR\bibl\2026085 | ||
| 005 | 20260408100349.0 | ||
| 010 |
_a9785888387665 _9100 |
||
| 021 |
_aRU _b2013-25862 _91783 |
||
| 035 | _a(NLR Aleph) 002014113 | ||
| 090 |
_a4473058 _c4473058 |
||
| 100 | _a20130419d2012 k y0rusy50 ca | ||
| 101 | 0 | _arus | |
| 102 | _aRU | ||
| 105 | _aac ||||||||| | ||
| 200 | 1 |
_aМесто примитива в структуре современной художественной культуры _e[материалы чтений] _fIV Варламов. искусствоведч. чтения _g[под общ. ред. д-ра культурологии Ю.Э. Комлева] |
|
| 210 |
_aОренбург _cОГАУ _d2012 |
||
| 215 |
_a184 с. _cпортр., цв. ил., портр. _d21 |
||
| 300 | _aВ надзаг.: М-во культуры, обществ. и внеш. связей Оренб. обл., Оренб. обл. музей изобразит. искусств | ||
| 320 | _aБиблиогр. в конце ст. | ||
| 606 | 1 |
_aПримитивизм _jСборники _xв изобразительном искусстве русском _z20 - 21 вв. _92576870 _3RU\NLR\auth\661523555 |
|
| 686 | _aЩ103(2Р=Рус)7-239я43 | ||
| 702 | 1 |
_aКомлев _bЮ. Э. _gЮрий Эдуардович _4340 |
|
| 711 | 1 | 2 |
_aВарламовские искусствоведческие чтения _d4 _f2012 _eОренбург _3RU\NLR\AUTH\8810238584 _9362826 |
| 801 | 0 |
_aRU _bNLR _c20130419 _gRCR |
|
| 801 | 1 |
_aRU _bNLR _c20130419 |
|
| 942 | _cBOOK | ||
| 980 | _aNBR | ||